00870 a2200205 45000010006000000050017000060080041000230030015000640400040000790800064001192450069001830200018002522640043002703000025003135050220003381000022005587000033005807000027006137000024006403308120260407155625.0260407a1996 arg spa dAR-UNSa-BCEJYS aAR-UNSa-BCEJYSbspacAR-UNSa-BCEJYS a658xAdministración de empresas. Organización comercial10aAdministración generalporganización, planeamiento, control. a950-537-372-4 1aBuenos Aires :bEdiciones Macchic1996 axviii,529 p.c23 cm. a1.Que son las empresas y quienes son los empresarios argentinos - 2. Las organizaciones y sus caracteristicas - 3.Cómo se dirigen las organizaciones - 4. El control de gestión - 5. Los manuales - 6. Punto final.1 aPerel, Vicente L.1 aLópez Cascante, Jesús D.1 aMessuti, Domingo Jorge1 aMagdalena, Fernando